000 00496 a2200157 4500
245 _aArtists of handcrafted furniture at work
_hprint
020 _a0688068758 :
250 _a1st ed.
650 _aART
005 20191021095836.0
260 _anyu
_bLothrop, Lee & Shepard Books
_cc1988
084 _aTT194 .R67 1988
300 _a61 p. : col. ill.
_b 29 cm.
_c61 p. : col. ill. ; 29 cm.
500 _aMaxine B. Rosenberg ; with photographs by George Ancona.
999 _c12748
_d12748